00449nam a2200133Ia 4500008004100000020002200041082001900063100003200082245005800114300000800172942001200180999001900192952010400211210430s9999 xx 000 0 und d a978-81-265-1702-2 a537.622 S9971P aS.M. Sze, Kwok K. Ng927819 aPhysics of Emiconductor DevicescS.M. Sze, Kwok K. Ng a815 cBK2ddc c565410d565410 00102ddc4070aSCMEbSCMEcGENd0009-05-15o537.622 S9971PpSCME-4632r2021-04-30w2021-04-30yBK